00980nam a2200253Ia 4500003000400000005001700004008004100021020001800062040001800080041000800098082002500106100002900131245009800160250001200258260005000270300002900320650003700349650004700386650003400433700003400467942003400501999001900535952017200554OSt20241113151254.0210716s2011 xx 000 0 und d a9780198078296 cAIMIT LIBRARY aeng a001.072330 21bKRIJ aKrishnamurty, J.9185231 aTowards development economics : bIndian contributions 1900-1945 /cEdited by J Krishnamurty. a1st ed. aNew Delhi :bOxford University Press ,c2011. axxi,275p. ;bPBc22.3 cm aArguments for protection9185232 aThe economic basic of the communal9185233 aWoman labour in India9185234 aKrishnamurty, J., ed.9185235 2ddccBKe1stk001.072330 KRIJ c208771d208771 00102ddc40708MBAaAIMITbAIMITcECOd2014-12-11g295.00iBill no:303; Bill dt:2014-12-03l0o001.072330 KRIJpMBA11337r2025-07-21 00:00:00v236.00w2021-07-16yBK